Elementy algebry

Saved in:
Bibliographic Details
Main Author: Skornjakov, Lev Anatoljevič (Author)
Format: Book
Language:Russian
Published: Moskva : Nauka, 1986
Edition:2.izd.
Tags: Add Tag
No Tags, Be the first to tag this record!

MARC

LEADER 00000nam a22000003a 4500
001 stu8635
005 20150617225806.9
008 960308s1986----xxr-----------------rus-d
040 |a STU  |b slo 
041 0 |a rus 
044 |a xxr 
080 |a 512  |7 stu_us_auth*stu7982 
100 1 |a Skornjakov, Lev Anatoljevič  |4 aut 
245 1 |a Elementy algebry 
250 |a 2.izd. 
260 |a Moskva :  |b Nauka,  |c 1986 
300 |a 238 s 
996 |b E62667  |c E*62667  |l EE03  |s P  |a 0  |w stu8635_0002